Экологическая безопасность при разработке северных нефтегазовых месторождений: монография

Bibliografske podrobnosti
Glavni avtor: Алиев В. К. Владимир Кязимович
Drugi avtorji: Савенок О. В. Ольга Вадимовна, Сиротин Д. Г. Денис Геннадиевич
Izvleček:Разработана методика расчета надежности оборудования в ходе сбора и подготовки продукции северных месторождений нефти и газа. Рассмотрены факторы, влияющие на показатели надежности и законы распределения отказов устройств. Приведена математическая модель функционирования части схемы, состоящей из технологической установки и автоматического запорного устройства для управления и защиты в аварийных ситуациях. Для специалистов нефтегазовой отрасли, а также научных работников, преподавателей, аспирантов и студентов, интересующихся вопросами надежности нефтепромыслового оборудования в контексте обеспечения экологической безопасности месторождений.
Jezik:ruščina
Izdano: Москва, Инфра-Инженерия, 2019
Teme:
Format: MixedMaterials Knjiga
KOHA link:https://koha.lib.tpu.ru/cgi-bin/koha/opac-detail.pl?biblionumber=341605

MARC

LEADER 00000nam0a2200000 4500
001 341605
005 20231102005349.0
010 |a 9785972902637 
035 |a (RuTPU)RU\TPU\book\369824 
090 |a 341605 
100 |a 20181017d2019 k y0rusy50 ca 
101 0 |a rus 
102 |a RU 
105 |a a z 001zy 
200 1 |a Экологическая безопасность при разработке северных нефтегазовых месторождений  |e монография  |f В. К. Алиев, О. В. Савенок, Д. Г. Сиротин 
210 |a Москва  |c Инфра-Инженерия  |d 2019 
215 |a 128 с.  |c ил. 
320 |a Библиогр.: с. 117-126 
320 |a Список сокращений: с. 116 
330 |a Разработана методика расчета надежности оборудования в ходе сбора и подготовки продукции северных месторождений нефти и газа. Рассмотрены факторы, влияющие на показатели надежности и законы распределения отказов устройств. Приведена математическая модель функционирования части схемы, состоящей из технологической установки и автоматического запорного устройства для управления и защиты в аварийных ситуациях. Для специалистов нефтегазовой отрасли, а также научных работников, преподавателей, аспирантов и студентов, интересующихся вопросами надежности нефтепромыслового оборудования в контексте обеспечения экологической безопасности месторождений. 
606 1 |a Нефтегазопромысловое оборудование  |2 stltpush  |3 (RuTPU)RU\TPU\subj\69607  |9 84378 
610 1 |a нефтепромысловое оборудование 
610 1 |a надежность 
610 1 |a газ 
610 1 |a нефть 
610 1 |a сбор 
610 1 |a подготовка 
610 1 |a Крайний Север 
610 1 |a блочное оборудование 
610 1 |a автоматизация 
610 1 |a отказы 
610 1 |a блочное технологическое оборудование 
610 1 |a материалы 
610 1 |a прочностные характеристики 
610 1 |a деградация 
610 1 |a фонтанная арматура 
610 1 |a детали 
610 1 |a восстановление 
610 1 |a технологическая наследственность 
610 1 |a эксплуатационная работоспособность 
610 1 |a монографии 
675 |a 622.276.05  |v 4 
700 1 |a Алиев  |b В. К.  |g Владимир Кязимович 
701 1 |a Савенок  |b О. В.  |g Ольга Вадимовна 
701 1 |a Сиротин  |b Д. Г.  |g Денис Геннадиевич 
801 1 |a RU  |b 63413507  |c 20181017 
801 2 |a RU  |b 63413507  |c 20191003  |g RCR 
942 |c BK 
959 |a 3/20180221  |d 1  |e 1630,00  |f ЧЗТЛ:1